书目信息 |
| 题名: |
初恋
|
|
| 作者: | 屠格涅夫, 著 ;郑海凌 译 | |
| 分册: | ||
| 出版信息: | 桂林 漓江出版社 2003.10 |
|
| 页数: | 198页 | |
| 开本: | 20cm | |
| 丛书名: | 青春阅读 | |
| 单 册: | ||
| 中图分类: | I512.45 | |
| 科图分类: | ||
| 主题词: | 长篇小说--俄国--现代 | |
| 电子资源: | ||
| ISBN: | 7-5407-1868-4 | |
| 000 | 00863nam 2200265 450 | |
| 001 | 192004003468 | |
| 005 | 20070917094750.50 | |
| 010 | @a7-5407-1868-4@dCNY10.00 | |
| 100 | @a20070602d2003 ekmy0chiy0121 ea | |
| 101 | 1 | @achi@crus |
| 102 | @aCN@b450000 | |
| 105 | @aa z 000ay | |
| 200 | 1 | @a初恋@Achu lian@f(俄)屠格涅夫著@g郑海凌译 |
| 210 | @a桂林@c漓江出版社@d2003.10 | |
| 215 | @a198页@c图@d20cm | |
| 225 | 2 | @a青春阅读@Aqing chun yue dou@i外国文学名著系列 |
| 330 | @a本书收入屠格涅夫的两部中篇名作《阿霞》和《初恋》,它们是世界爱情小说的精品,集中体现了屠翁作品抒情浪漫的风格。 | |
| 410 | 0 | @12001 @a外国文学名著系列 |
| 410 | 0 | @12001 @a青春阅读 |
| 606 | 0 | @a长篇小说@y俄国@z现代 |
| 690 | @aI512.45@v4 | |
| 701 | 1 | @a屠格涅夫,@Atu ge nie fu,@e俄@4著 |
| 702 | 0 | @a郑海凌@Azheng hai ling@4译 |
| 801 | 0 | @aCN@c20070917 |
| 905 | @dI512.45@eT921 | |
| 初恋/(俄)屠格涅夫著/郑海凌译.-桂林:漓江出版社,2003.10 |
| 198页:图;20cm.-(青春阅读.外国文学名著系列) |
| ISBN 7-5407-1868-4:CNY10.00 |
| 本书收入屠格涅夫的两部中篇名作《阿霞》和《初恋》,它们是世界爱情小说的精品,集中体现了屠翁作品抒情浪漫的风格。 |
| ● |
| 相关链接 |
|
|
|
正题名:初恋
索取号:I512.45/T921
 
预约/预借
| 序号 | 登录号 | 条形码 | 馆藏地/架位号 | 状态 | 备注 |
| 1 | 619195 | 206191958 | 社科二线400B/400B社科库 29排2列1层/ [索取号:I512.45/T921] | 在馆 | |
| 2 | 619196 | 206191967 | 社科二线400B/400B社科库 30排1列1层/ [索取号:I512.45/T921] | 在馆 | |
| 3 | 619197 | 206191976 | 社科二线400B/400B社科库 30排1列1层/ [索取号:I512.45/T921] | 在馆 |